000 01116cam a2200289 a 4500
001 000011637
003 DO-SdBNP
005 20250527113225.0
008 000719s1998 ck a 001 0 spa
020 _a9588017009
040 _aDO-SdBNP
_cDLC
049 _aBNGR
050 0 0 _aMLCM 2001/00586 (H)
082 _a658.4
_bB453i
100 1 _aBeltrá Jaramillo, Jesús Mauricio.
_927563
245 1 0 _aIndicadores de gestión :
_bguía práctica para estructurar acertadamente esta herremienta clave para el logro de la competitividad /
_cJesús Mauricio Beltrán Jaramillo.
246 3 0 _aGuía práctica para estructurar acertadamente esta herremienta clave para el logro de la competitividad
246 1 _i[subtitle from cover]:
_aHerramientas para lograr la competitividad
260 _aSantafé de Bogotá :
_b3R Editores,
_c1998.
300 _axiv, 145 p. :
_bil. ;
_c24 cm.
490 1 _aTemas gerenciales
650 4 _aGestion de negocios
_927564
650 0 _aAdministración industrial
_95872
830 0 _aTemas gerenciales ;
_927565
910 _aCatalogación derivada / LC
942 _2ddc
_cLBS1
999 _c11330
_d11330